| 000 | 05251cam a22018734i 4500 | ||
|---|---|---|---|
| 003 | PE-LiUPU | ||
| 005 | 20250813165530.0 | ||
| 008 | 181107s2018 pe a rb 000 0 spa d | ||
| 020 | _a9972968812 | ||
| 020 | _a9789972968815 | ||
| 035 | _a(Sirsi) a250598 | ||
| 040 |
_aPE-LiUPU _bspa _cPE-LiUPU _erda |
||
| 049 | _aPRUA | ||
| 082 | 0 | 4 |
_a641.5985 _bP4 _220 |
| 245 | 0 | 0 |
_aPerú + Umami / _c[dirección editorial, Hirka Roca-Rey ; investigación y redacción, Diana Bernaola]. |
| 246 | _aPerú más umami | ||
| 250 | _aPrimera edición. | ||
| 264 | 1 |
_a[Lima] : _bAjinomoto del Perú, _c2018. |
|
| 300 |
_a230 páginas : _bilustraciones ; _c24 centimetros. |
||
| 336 |
_atext _2rdacontent |
||
| 337 |
_aunmediated _2rdamedia |
||
| 338 |
_avolume _2rdacarrier |
||
| 500 | _a"Eat well, live well. Aji. Ajinomoto" | ||
| 504 | _aBibliografía : páginas 227-229. | ||
| 505 | _aUna exploración tras las huellas del sabor -- Pez guitarra seco -- El pez guitarra en los mares del mundo -- El Perú prehispánico y el mar -- El arte de pescar -- El arte de comer pescado -- El secado: imprescindible para el intercambio -- Las vías de intercambio del pez guitarra seco -- Una tradición que perdura en el tiempo -- Nuestro pez guitarra de car al futuro - Recetas - Sachatomate -- Un arbolito siempre verde -- Los simples usos caseros -- Una súper fruta rejuvenecedora -- De los valles interandinos a los montes tropicales del mundo -- Disponible y exquisito: el acompañante ideal -- El redescubrimiento del sachatomate en el Perú -- Recetas -- La yuca -- Una raíz de infinito potencial -- La yuca en el mundo -- Los orígenes -- Pueblos indígenas: los hijos de la yuca -- Un insumo que mira al mañana - Recetas -- Análisis químico. | ||
| 526 | _aP203 | ||
| 526 | _aP200 | ||
| 526 | _aSEG65 | ||
| 526 | _aSEG64 | ||
| 526 | _aSEG63 | ||
| 526 | _aSEG62 | ||
| 526 | _aSEG61 | ||
| 526 | _aSEG60 | ||
| 526 | _aSEG59 | ||
| 526 | _aSEG58 | ||
| 526 | _aSEG57 | ||
| 526 | _aSEG56 | ||
| 526 | _aSEG55 | ||
| 526 | _aSEG54 | ||
| 526 | _aSEG53 | ||
| 526 | _aSEG52 | ||
| 526 | _aSEG51 | ||
| 526 | _aSEG50 | ||
| 526 | _aSEG49 | ||
| 526 | _aSEG48 | ||
| 526 | _aSEG47 | ||
| 526 | _aSEG46 | ||
| 526 | _aSEG24 | ||
| 526 | _aSEG23 | ||
| 526 | _aSEG22 | ||
| 526 | _aSEG21 | ||
| 526 | _aSEG20 | ||
| 526 | _aSEG19 | ||
| 526 | _aSEG18 | ||
| 526 | _aSEG17 | ||
| 526 | _aSEG16 | ||
| 526 | _aSEG14 | ||
| 526 | _aSEG13 | ||
| 526 | _aSEG12 | ||
| 526 | _aSEG11 | ||
| 526 | _aSEG10 | ||
| 526 | _aSEG09 | ||
| 526 | _aSEG06 | ||
| 526 | _aSEG05 | ||
| 526 | _aSEG04 | ||
| 526 | _aSEG03 | ||
| 526 | _aSEG02 | ||
| 526 | _aSEG68 | ||
| 526 | _aSEG66 | ||
| 526 | _aSEG45 | ||
| 526 | _aSEG25 | ||
| 526 | _aSEG01 | ||
| 526 | _aP163 | ||
| 526 | _aP162 | ||
| 526 | _aP161 | ||
| 526 | _aP160 | ||
| 526 | _aP159 | ||
| 526 | _aP158 | ||
| 526 | _aP157 | ||
| 526 | _aP156 | ||
| 526 | _aP155 | ||
| 526 | _aP154 | ||
| 526 | _aP153 | ||
| 526 | _aP152 | ||
| 526 | _aP151 | ||
| 526 | _aP150 | ||
| 526 | _aP149 | ||
| 526 | _aP142 | ||
| 526 | _aP141 | ||
| 526 | _aP140 | ||
| 526 | _aP139 | ||
| 526 | _aP138 | ||
| 526 | _aP137 | ||
| 526 | _aP132 | ||
| 526 | _aP131 | ||
| 526 | _aP130 | ||
| 526 | _aP126 | ||
| 526 | _aP125 | ||
| 526 | _aP124 | ||
| 526 | _aP123 | ||
| 526 | _aP115 | ||
| 526 | _aP122 | ||
| 526 | _aP121 | ||
| 526 | _aP116 | ||
| 526 | _a P114 | ||
| 526 | _aP112 | ||
| 526 | _aP111 | ||
| 526 | _aP104 | ||
| 526 | _aP103 | ||
| 526 | _aP102 | ||
| 526 | _aP101 | ||
| 526 | _aP100 | ||
| 526 | _aP96 | ||
| 526 | _aP95 | ||
| 526 | _aP93 | ||
| 526 | _aP92 | ||
| 526 | _aP91 | ||
| 526 | _aP88 | ||
| 526 | _aP83 | ||
| 526 | _aP82 | ||
| 526 | _aP79 | ||
| 526 | _aP78 | ||
| 526 | _aP75 | ||
| 526 | _aP74 | ||
| 526 | _aP71 | ||
| 526 | _aP69 | ||
| 526 | _a P51 | ||
| 526 | _aP49 | ||
| 526 | _aP48 | ||
| 526 | _aP47 | ||
| 526 | _aP33 | ||
| 526 | _aP31 | ||
| 526 | _a P30 | ||
| 526 | _aP29 | ||
| 526 | _aP27 | ||
| 526 | _aP26 | ||
| 526 | _aP25 | ||
| 526 | _aP24 | ||
| 526 | _a P22 | ||
| 526 | _aP10 | ||
| 526 | _aP09 | ||
| 526 | _a P08 | ||
| 526 | _aP06 | ||
| 526 | _aP05 | ||
| 526 | _aP04 | ||
| 526 | _aP01 | ||
| 650 | 0 | 4 |
_aGastronomía _zPerú. |
| 650 | 0 | 4 | _aCocina peruana. |
| 700 | 1 |
_aRoca Rey, Hirka, _d1967-, _edirector. |
|
| 700 | 1 |
_aBernaola, Diana, _eredactor. |
|
| 910 |
_adbm _bcsm _ccsm _d20181107 |
||
| 942 |
_2ddc _cBOOK |
||
| 994 |
_aC0 _bPEPRU |
||
| 596 | _a1 | ||
| 999 |
_a641.5985 P4 _wDEWEY _c30082 _i79140 _f2021-11-4 _g4 _lCCODEBUL1 _mBUL _p50.00 _r0 _sY _tBOOK _u2018-11-7 _xSALUD _zP30 _0COMPRA _1FCOMPR2 _o.STAFF. Colección Ciencias de la Salud _d30082 |
||
| 999 |
_a641.5985 P4 _wDEWEY _c2 _i79141 _d2019-5-2 _f2021-11-4 _g4 _lCCODEBUL1 _mBUL _p50.00 _q1 _r0 _sY _tBOOK _u2018-11-7 _xSALUD _PP30 _0COMPRA _1FCOMPR2 _o.STAFF. Colección Ciencias de la Salud |
||
| 999 |
_a641.5985 P4 _wDEWEY _c3 _i79142 _f2021-11-4 _g4 _lCCODEBUL1 _mBUL _p50.00 _r0 _sY _tBOOK _u2018-11-7 _xSALUD _PP30 _0COMPRA _1FCOMPR2 _o.STAFF. Colección Ciencias de la Salud |
||
| 980 |
_81 _gALBERTO SANCHEZ Responsable de Automatización |
||